Európsky biznis Sharpu bude roztáčať slovenská firma UMC

Televízory sú po autách druhým najvýznamnejším vývozným artiklom slovenskej ekonomiky. Spoločnosť Universal Media Corporation (UMC) spojila sily s elektrotechnickým gigantom Sharp. Nový spoluvlastník plánuje v Európe zdvojnásobiť predaj televízorov a televíznych panelov.

Salvato in:
Dettagli Bibliografici
Autore principale: Nejedlý, Tomáš
Natura: Capitolo di libro
Lingua:slovacco
Soggetti:
Tags: Aggiungi Tag
Nessun Tag, puoi essere il primo ad aggiungerne!!

MARC

LEADER 00000naa a2200000 4500
001 0226748
005 20221104112604.5
041 0 |a slo 
044 |a SK 
245 1 0 |a Európsky biznis Sharpu bude roztáčať slovenská firma UMC  |c Tomáš Nejedlý 
520 |a Televízory sú po autách druhým najvýznamnejším vývozným artiklom slovenskej ekonomiky. Spoločnosť Universal Media Corporation (UMC) spojila sily s elektrotechnickým gigantom Sharp. Nový spoluvlastník plánuje v Európe zdvojnásobiť predaj televízorov a televíznych panelov. 
610 2 0 |a elektrotechnika 
610 2 0 |a firmy 
610 2 0 |a vývoz 
610 2 0 |a výroba 
610 2 0 |a Slovensko 
100 1 |a Nejedlý, Tomáš